<?xml version="1.0" encoding="UTF-8"?><?xml-stylesheet type="text/xsl" href="static/style.xsl"?><OAI-PMH xmlns="http://www.openarchives.org/OAI/2.0/" xmlns:xsi="http://www.w3.org/2001/XMLSchema-instance" xsi:schemaLocation="http://www.openarchives.org/OAI/2.0/ http://www.openarchives.org/OAI/2.0/OAI-PMH.xsd"><responseDate>2026-06-04T12:37:38Z</responseDate><request verb="GetRecord" identifier="oai:recam.amb.cat:20.500.14439/1597" metadataPrefix="marc">https://recam.amb.cat/rest/oai/request</request><GetRecord><record><header><identifier>oai:recam.amb.cat:20.500.14439/1597</identifier><datestamp>2025-04-14T07:27:52Z</datestamp><setSpec>com_20.500.14439_2676</setSpec><setSpec>com_20.500.14439_126</setSpec><setSpec>col_20.500.14439_4343</setSpec></header><metadata><record xmlns="http://www.loc.gov/MARC21/slim" xmlns:dcterms="http://purl.org/dc/terms/" xmlns:xsi="http://www.w3.org/2001/XMLSchema-instance" xmlns:doc="http://www.lyncode.com/xoai" xsi:schemaLocation="http://www.loc.gov/MARC21/slim http://www.loc.gov/standards/marcxml/schema/MARC21slim.xsd">
   <leader>00925njm 22002777a 4500</leader>
   <datafield ind2=" " ind1=" " tag="042">
      <subfield code="a">dc</subfield>
   </datafield>
   <datafield ind2=" " ind1=" " tag="720">
      <subfield code="a">Àrea Metropolitana de Barcelona</subfield>
      <subfield code="e">author</subfield>
   </datafield>
   <datafield ind2=" " ind1=" " tag="260">
      <subfield code="c">2019-05-10</subfield>
   </datafield>
   <datafield ind2=" " ind1=" " tag="520">
      <subfield code="a">La proposta educativa s'adreça a alumnes de segon cicle d'ESO i s'emmarca en els projectes de servei comunitari, que es complementen amb el suport d'altres àmbits, com el lingüístic, l'artístic, el cientificotecnològic i el social. Durant el desenvolupament del projecte, l'alumnat adquirirà els coneixements bàsics per entendre els processos de fabricació dels plàstics més habituals, així com l'ús que en fem, la gestió que se'n fa un cop s'han convertit en residus i els impactes ambientals que provoquen degut a aquesta gestió incorrecta i, sobretot, a la gran quantitat de plàstics que utilitzem en el nostre dia a dia. Un cop adquirits aquests coneixements, es plantegen dos serveis diferents que el professorat pot triar: Creació d'una OBRA DE TITELLES en què l'escenari i els personatges estiguin fabricats amb plàstics recollits al centre educatiu o a casa dels participants. Creació d'una STOPMOTION en què l'escenari i els personatges estiguin fabricats amb plàstics recollits al centre educatiu o a casa dels participants.</subfield>
   </datafield>
   <datafield ind1="8" ind2=" " tag="024">
      <subfield code="a">https://hdl.handle.net/20.500.14439/1597</subfield>
   </datafield>
   <datafield ind1="8" ind2=" " tag="024">
      <subfield code="a">7684001</subfield>
   </datafield>
   <datafield tag="653" ind2=" " ind1=" ">
      <subfield code="a">Plàstics</subfield>
   </datafield>
   <datafield tag="653" ind2=" " ind1=" ">
      <subfield code="a">Consum</subfield>
   </datafield>
   <datafield tag="653" ind2=" " ind1=" ">
      <subfield code="a">Fabricació</subfield>
   </datafield>
   <datafield tag="653" ind2=" " ind1=" ">
      <subfield code="a">Educació ambiental</subfield>
   </datafield>
   <datafield ind2="0" ind1="0" tag="245">
      <subfield code="a">Dràstics amb els plàstics</subfield>
   </datafield>
</record></metadata></record></GetRecord></OAI-PMH>